Lettres sur la Chimie considereé dans ses aplications a l'Industrie, a la Physiologie et à l'Agriculture / (Record no. 157725)
[ view plain ]
| 000 -LEADER | |
|---|---|
| campo de control de longitud fija | 00848nam a22002175i 4500 |
| 001 - NÚMERO DE CONTROL | |
| campo de control | 157725 |
| 003 - IDENTIFICADOR DE NÚMERO DE CONTROL | |
| campo de control | ES-MaACL |
| 005 - FECHA Y HORA DE LA ÚLTIMA TRANSACCIÓN | |
| campo de control | 20250723094640.0 |
| 008 - DATOS DE LONGITUD FIJA--INFORMACIÓN GENERAL | |
| campo de control de longitud fija | 000125s1847 fr |||| | fre d |
| 040 ## - FUENTE DE CATALOGACIÓN | |
| Centro catalogador/agencia de origen | M-RACE |
| Lengua de catalogación | spa |
| Centro/agencia transcriptor | M-RACE |
| Centro/agencia modificador | CCPB | B |
| 100 1# - ENTRADA PRINCIPAL--NOMBRE DE PERSONA | |
| Nombre de persona | Liebig, Justus von. |
| 9 (RLIN) | 128946 |
| 245 10 - MENCIÓN DEL TÍTULO | |
| Título | Lettres sur la Chimie considereé dans ses aplications a l'Industrie, a la Physiologie et à l'Agriculture / |
| Mención de responsabilidad, etc. | par Justus Liebig. |
| 250 ## - MENCION DE EDICION | |
| Mención de edición | Nouvelle éd. française |
| Resto de la mención de edición | publiée par Charles Gerhard. |
| 260 ## - PUBLICACIÓN, DISTRIBUCIÓN, ETC. | |
| Lugar de publicación, distribución, etc. | Paris : |
| Nombre del editor, distribuidor, etc. | Victor Masson : |
| -- | Charpentier, |
| Fecha de publicación, distribución, etc. | 1847. |
| 300 ## - DESCRIPCIÓN FÍSICA | |
| Extensión | IV, 248 p. ; |
| Dimensiones | 18 cm. |
| 650 07 - PUNTO DE ACCESO ADICIONAL DE MATERIA--TÉRMINO DE MATERIA | |
| Término de materia o nombre geográfico como elemento de entrada | Química |
| Fuente del encabezamiento o término | embne |
| 9 (RLIN) | 16625 |
| 700 11 - ENTRADA AGREGADA--NOMBRE PERSONAL | |
| Nombre de persona | Gerhardt, Charles, |
| Término indicativo de función/relación | |
| 9 (RLIN) | 56447 |
| 852 ## - LOCALIZACIÓN | |
| Ubicación | ES-MaACL |
| Número de control de estantería | G-9243 |
| Nota libre | -- Enc. hol. |
| -- | -- Posible duplicado CCPB000452926-X y CCPB000376054-5 |
| Estatus retirado | Estado de pérdida | Estado de daño | No para préstamo | Colección | Biblioteca de origen | Biblioteca actual | Ubicación en estantería | Fecha de adquisición | Fuente de adquisición | Total de préstamos | Signatura topográfica completa | Código de barras | Visto por última vez | Precio de reemplazo | Tipo de ítem Koha |
|---|---|---|---|---|---|---|---|---|---|---|---|---|---|---|---|
| Libros del s. XIX | Biblioteca del Ateneo de Madrid | Biblioteca del Ateneo de Madrid | Sala Pecera Planta 3 | 17/01/2008 | G-9243 | 1165058 | 23/02/2023 | 23/02/2023 | Libro impreso antiguo |
